| 000 | 00448nam a2200133Ia 4500 | ||
|---|---|---|---|
| 001 | 2294 | ||
| 008 | 241024s9999 xx 000 0 und d | ||
| 082 | _aRD/370.97293/R426a/2012 | ||
| 100 | _aRepública Dominicana. Ministerio de Educación. Consejo Nacional de Educación | ||
| 245 | 0 | _aActa Sesión Ordinaria, 20 de diciembre del 2011. Informes de cierre de año | |
| 260 |
_bSanto Domingo _c2011 |
||
| 901 | _a29/6/2012 10:47:39 a.m. | ||
| 999 |
_c9115 _d9115 |
||